Statistics for Safe Countries To Drink Tap Water

Click here to take the quiz!

General Stats

  • This quiz has been taken 71 times
  • The average score is 36 of 48

Answer Stats

Country% Correct
United Kingdom
93%
Finland
90%
United States
90%
Norway
89%
Sweden
89%
Canada
87%
Spain
87%
Denmark
85%
France
85%
Austria
84%
Belgium
84%
Italy
84%
Japan
84%
Australia
82%
Germany
82%
Netherlands
82%
Poland
82%
Portugal
82%
Estonia
80%
Andorra
79%
Greece
79%
Iceland
79%
Ireland
79%
South Korea
79%
Hungary
77%
Latvia
77%
Liechtenstein
77%
Lithuania
77%
New Zealand
77%
Czech Republic
75%
Luxembourg
75%
San Marino
75%
Vatican City
75%
Switzerland
74%
Slovenia
72%
Monaco
70%
Slovakia
70%
United Arab Emirates
70%
Chile
69%
Israel
69%
Qatar
69%
Singapore
66%
Uruguay
62%
Saudi Arabia
59%
Malta
56%
Costa Rica
51%
Panama
51%
Brunei
34%

Score Distribution

Percentile by Number Answered

Percent of People with Each Score

Your Score History

You have not taken this quiz